Essentials of managerial finance
Saved in:
| Main Authors: | , |
|---|---|
| Format: | Bog |
| Sprog: | engelsk |
| Udgivet: |
Nueva York
Holt, Rinehart and Winston
1971
|
| Udgivelse: | 2a. ed |
| Fag: | |
| Tags: |
Tilføj Tag
Ingen Tags, Vær først til at tagge denne postø!
|
MARC
| LEADER | 00000nam a2200000 a 4500 | ||
|---|---|---|---|
| 001 | UCR9595 | ||
| 003 | CL-VaPUC | ||
| 008 | 980613e19710000US |||||||||||||||||eng|d | ||
| 082 | 0 | 4 | |a 658.15 |b WES |2 21 |
| 100 | 0 | |a Weston, John Frederick |e author |9 412295 | |
| 700 | 0 | |a Brigham, Eugene F |e author |9 412296 | |
| 245 | 1 | 0 | |a Essentials of managerial finance |
| 250 | |a 2a. ed | ||
| 300 | |a 578 p | ||
| 942 | |c BK | ||
| 945 | |d 19980613 00:00:00 |a cmena | ||
| 260 | |a Nueva York |b Holt, Rinehart and Winston |c 1971 | ||
| 650 | 0 | |a Administración financiera |9 261146 | |
| 650 | 0 | |a Finanzas |9 260832 | |
| 650 | 7 | |a MEDIO AMBIENTE LABORAL |2 CL-VaPUC |9 380233 | |
| 650 | 0 | |a Análisis financiero |9 264523 | |
| 650 | 0 | |a Planificación financiera |9 334413 | |
| 583 | |a last modification |c 19980613 00:00:00 |k Rodrigo Vera | ||
| 999 | |c 270781 |d 270779 | ||
| 952 | |0 0 |1 0 |4 0 |6 658_150000000000000_WES_1971 |7 0 |8 P |9 305182 |a BIBGIM |b BIBGIM |d 2019-11-20 |i 1419358 |o 658.15 WES 1971 |p 1419358 |r 2025-01-15 |w 2019-11-20 |y BK |k COM | ||